| 000 | 01614nam a2200373 i 4500 | ||
|---|---|---|---|
| 001 | 196864 | ||
| 003 | ES-MaACL | ||
| 005 | 20250726063047.0 | ||
| 007 | ta | ||
| 008 | 250113q1900 sp a | |||| 000 0 spa | ||
| 035 | _a(OCoLC)1061836262 | ||
| 035 | _a(SpMaBN)a6292699 | ||
| 035 | _a991014083989708606 | ||
| 040 |
_aSpMaBN _bspa _cSpMaBN _erdc |
||
| 080 | _a94(460)"18" | ||
| 100 | 1 |
_aConde de Salazar y Souleret, José, _d1839-1900 _eaut _9239454 |
|
| 245 | 1 | 4 |
_aLos mártires españoles del siglo XIX / _cpor J. Conde de Salazar y Souleret |
| 260 |
_aMadrid : _bJuan Muñoz Sánchez, _c[ca. 1900] |
||
| 300 |
_a2 volúmenes ; _c23 cm |
||
| 336 |
_aTexto (visual) _2isbdcontent |
||
| 337 |
_asin mediación _2isbdmedia |
||
| 338 |
_2rdacarrier _avolumen |
||
| 500 | _aÍndice | ||
| 505 | 0 | _aVol. II (1007 p., [5] h. de lám.) - v. III (1036 p., [5] h. de lám.) | |
| 650 | 4 |
_aMártires- _zEspaña- _yS.XIX _9241398 |
|
| 651 | 4 |
_aEspaña- _xHistoria eclesiástica- _yS.XIX _9158820 |
|
| 852 |
_aES-MaACL _cSPP3 _fEx-libris ms. en anteportada: "Es propiedad de Gregorio Mota Holguín, 16 septiembre 1906" _jG-16025 _pv. 2 _xHolandesa _9204531 |
||
| 852 |
_aES-MaACL _cSPP3 _fEx-libris ms. en anteportada: "Es propiedad de Gregorio Mota Holguín, 16 septiembre 1906" _jG-16026 _pv. 3 _xHolandesa _9204532 |
||
| 856 | 4 |
_uhttps://bvpb.mcu.es/es/consulta/registro.do?id=605327 _yVersión en línea: 3 v. _z(Biblioteca Virtual del Patrimonio Bibliográfico) |
|
| 903 |
_aMota Holguín, Gregorio _ednr _9239458 |
||
| 942 |
_n0 _cMONOGRAFIA |
||
| 999 |
_c196864 _d196864 |
||